000
00235nam a2200085Ia 4500
008
220204s9999 xx 000 0 und d
082
_a
NR:338.5
_b
INT
245
0
_a
International natural rubber agreement on price stabilization
942
_c
BK
999
_c
43726
_d
43726